000 00787nam a2200217 i 4500
001 138401
003 ES-MaACL
005 20250928113711.0
007 t|
008 070214s1955 sp ad ||||1| spa d
100 1 _aSandig, Edmund.
_9103089
245 1 1 _a¡Mejore su bridge!
_b: consejos a los jugadores de bridge con nulos /
_cEdmundo Sandig ; prólogo de Miguel Masriera ; epílogo de Noel Clarasó ; con ilustraciones de Zaragüeta.
260 _aMadrid :
_bAguilar,
_c1955.
300 _aXXXVI, 308 p. :
_bil., 1 gráf. pleg. ;
_c22 cm.
650 0 4 _aBridge (juego)
_910617
700 1 _aMasriera y Rubio, Miguel.
_978778
700 1 _aClarasó, Noel,
_d1899-1985
_939003
700 1 _aZaragüeta, Mariano.
_9149375
852 _aES-MaACL
_jC-9232
999 _c138401
_d138401